000 00996 a2200193 4500
020 _a0201846578 (hardcover)
020 _a9780201846577 (hardcover)
082 0 4 _a658.4012
090 _c5422
_d5422
100 1 _aWheelen, Thomas L.
245 1 0 _aStrategic management and business policy :
_bentering 21st century global society /
_cThomas L. Wheelen, J. David Hunger.
250 _a6th ed.
260 _a[S.l.] :
_bAddison Wesley Publishing Company,
_c1997.
300 _a992 p. ;
_c26 cm.
520 _aThis text provides the Strategic Management and Business Policy student with a presentation of traditional and new strategic management topics. These topics include: corporate governance, hypercompetition, competitive strategy, outsourcing, mass customization, technology, international issues, environmental trends and ethics.
700 1 _aHunger, J. David.
856 4 0 _3Amazon.com
_uhttp://www.amazon.com/exec/obidos/ASIN/0201846578/chopaconline-20
942 _aNBS
_cBK
_k658.4012 WHE
999 _c347830
_d347830